000 01558nam a2200241 a 4500
008 120416s1984 ||||||||||||||||| || u
020 _a0905435435
050 _aHF 5635 Jen
100 _aJennings, Alan Robert
245 1 0 _aFinancial accounting. (2nd ed.)
250 _a2nd ed.
260 _aEastleigh
_bD.P. Publications
_c1984
300 _avii, 754p. : ill.
350 _a0.00
650 0 _aACCOUNTING--HANDBOOKS, MANUALS, ETC
995 _aTEXTBOOKS (ELEC.ENG.)
_D0.00
_e03896
_FCBU-SCHOOL TEXTBOOK COLLECTIONS
_H1
_I0.00
_jSCHOOL TEXTBOOK
_M9
_UAVAILABLE
_WAug 21, 2009
_y03896
_ZSchool Collections
995 _aBINDERY (DAMAGED)
_D0.00
_e708502
_FCBU-MAIN LIBRARY (Kitwe)
_H6
_I5.95
_jHF 5635 Jen
_M7
_UDAMAGED
_y006408
_ZMain Library Open Access Collection
995 _aTEXTBOOKS (SB)
_D0.00
_e7145
_FCBU-SCHOOL TEXTBOOK COLLECTIONS
_H1
_I0.00
_jSCHOOL TEXTBOOK
_M11
_UAVAILABLE
_WSep 10, 2009
_y7145
_ZSchool Collections
995 _aANNEX COLLECTION (Main Library)
_D0.00
_e708501
_FCBU-MAIN LIBRARY (Kitwe)
_H8
_I5.95
_jHF 5635 Jen
_M2
_UAVAILABLE
_y006409
_ZAnnex Low-Usage Collection
995 _aTEXTBOOKS (ELEC.ENG.)
_D0.00
_e03897
_FCBU-SCHOOL TEXTBOOK COLLECTIONS
_H1
_I0.00
_jSCHOOL TEXTBOOK
_M10
_UAVAILABLE
_WAug 21, 2009
_y03897
_ZSchool Collections
995 _aMAIN LIBRARY OPEN ACCESS
_D0.00
_e006407
_FCBU-MAIN LIBRARY (Kitwe)
_H1
_I5.95
_jHF 5635 Jen
_M1
_UAVAILABLE
_y006407
_ZMain Library Open Access Collection
995 _aANNEX COLLECTION (Main Library)
_D0.00
_e708504
_FCBU-MAIN LIBRARY (Kitwe)
_H2
_I5.95
_jHF 5635 Jen
_M3
_UAVAILABLE
_y020914
_ZAnnex Low-Usage Collection
999 _c63052
_d63052